00436nam a2200157Ia 450000500170000000800460001703700120006304000200007504100130009508400220010810000210013024500600015125000080021126000450021930000140026420250508162102.0008 250505s9999 xx 000 0 eng d aTextual aFEDLbengcFEDL aeng2eng a371.73, MATqFEDL aMathews Donald K 0aPhysiological basis of physical education and athletics a2nd aPhiladelphiabW B Saunders Companyc1976 axvi,577p.